|
|
|
|
| LEADER |
02815nam a22003974a 4500 |
| 001 |
EBC592514 |
| 003 |
MiAaPQ |
| 005 |
20200520144314.0 |
| 006 |
m o d | |
| 007 |
cr cn||||||||| |
| 008 |
040615s2004 dcua sb 001 0 eng |
| 010 |
|
|
|z 2004014087
|
| 020 |
|
|
|z 1891853872 (hardcover : alk. paper)
|
| 020 |
|
|
|z 1891853880 (pbk. : alk. paper)
|
| 035 |
|
|
|a (MiAaPQ)EBC592514
|
| 035 |
|
|
|a (Au-PeEL)EBL592514
|
| 035 |
|
|
|a (CaPaEBR)ebr10422593
|
| 035 |
|
|
|a (CaONFJC)MIL366033
|
| 035 |
|
|
|a (OCoLC)670412198
|
| 040 |
|
|
|a MiAaPQ
|c MiAaPQ
|d MiAaPQ
|
| 043 |
|
|
|a n-us---
|a e------
|
| 050 |
|
4 |
|a HC110.E5
|b C49 2004
|
| 082 |
0 |
4 |
|a 363.7/0561
|2 22
|
| 245 |
0 |
0 |
|a Choosing environmental policy
|h [electronic resource] :
|b comparing instruments and outcomes in the United States and Europe /
|c edited by Winston Harrington, Richard D. Morgenstern, Thomas Sterner.
|
| 260 |
|
|
|a Washington, DC :
|b Resources for the Future,
|c c2004.
|
| 300 |
|
|
|a xii, 283 p. :
|b ill.
|
| 504 |
|
|
|a Includes bibliographical references and index.
|
| 505 |
0 |
|
|a Overview: comparing instrument choices / Winston Harrington, Richard D. Morgenstern and Thomas Sterner -- SO₂ emissions in Germany: regulations to fight Waldsterben / Frank Watzold -- SO₂ cap-and-trade program in the United States: a "living legend" of market effectiveness / Dallas Burtraw and Karen Palmer -- Industrial water pollution in the United States: direct regulation or market incentive? / Winston Harrington -- Industrial water pollution in the Netherlands: a fee-based approach / Hans Th.A. Bressers and Kris R.D. Lulofs -- NOx emmissions in France and Sweden: advanced fee schemes versus regulation / Katrin Millock and Thomas Sterner -- NOx emissions in the United States: a potpourri of policies / Dallas Burtraw and David A. Evans -- CFCs: a look across two continents -- James K. Hammitt -- Leaded gasoline in the United States: the breakthrough of permit trading / Richard G. Newell and Kristian Rogers -- Leaded gasoline in Europe: differences in timing and taxes / Henrik Hammar and Asa Lofgren -- Trichloroethylene in the United States: embracing market-based approaches? / Miranda Loh and Richard D. Morgenstern -- Lessons from the case studies / Winston Harrington, Richard D. Morgenstern, Thomas Sterner, and J. Clarence (Terry) Davies.
|
| 533 |
|
|
|a Electronic reproduction. Ann Arbor, MI : ProQuest, 2015. Available via World Wide Web. Access may be limited to ProQuest affiliated libraries.
|
| 650 |
|
0 |
|a Environmental policy
|z United States.
|
| 650 |
|
0 |
|a Environmental policy
|z Europe.
|
| 655 |
|
4 |
|a Electronic books.
|
| 700 |
1 |
|
|a Harrington, Winston.
|
| 700 |
1 |
|
|a Morgenstern, Richard D.
|
| 710 |
2 |
|
|a ProQuest (Firm)
|
| 856 |
4 |
0 |
|u https://ebookcentral.proquest.com/lib/matrademy/detail.action?docID=592514
|z Click to View
|